Nowá Pjseň k rozlaučenj se S Matičkau Božj, na swatém mjstě

Bibliographic Details
Corporate Author: Škarnicel, Jozef (Skalica, Slovensko) (Printer)
Other Authors: Škarnicel, Jozef, 1804-1877 (Printer)
Format: Book
Language:Slovak
PhysicalDescription:[8] s. 11 cm
Published: W Skalicy v Fr. X. Škarnycla Sinů 1866
Subjects:

MARC

LEADER 00000nam a2200000 a 4500
001 vtls011753390
003 SK-MaSNL
005 20260301183128.0
008 200104s1866 xo a 0 an0 slo
015 |a SNBHFA1866 
035 |a urn:nbn:sk:snk-am00d3iz 
035 |a urn:nbn:sk:snk-am3hkg5 
035 |a B5C048E8-EE8D-4EDC-AEDD-49E101AE93A2 
040 |a SNKHF  |b slo  |c SNK  |e AACR2 
041 0 |a slo 
044 |a xo  |c SK 
072 7 |a 09  |x Rukopisy, prvotlače, staré tlače. Vzácne a pozoruhodné diela  |2 konspekt 
080 |a 098:398.51  |2 1981 
130 0 |a Nowá  |9 304741 
245 1 0 |a Nowá Pjseň k rozlaučenj se S Matičkau Božj, na swatém mjstě 
260 |a W Skalicy  |b v Fr. X. Škarnycla Sinů  |c 1866 
300 |a [8] s.  |c 11 cm 
500 |a Titulná strana s drevorezom 
501 |a Prív. 23. k: Nařjkánj Milownjka. Nowý Zpěw. W Skalicy : v F. X. Skarnycla Synů, 1866.  |5 SNK SE 146/1-23/prív.23 
546 |a Slovenčina  |b Fraktúra 
650 0 7 |a jarmočné tlače  |2 SNKPH  |9 256383 
700 1 |a Škarnicel, Jozef,  |d 1804-1877  |4 prt  |9 169168 
710 0 |a Škarnicel, Jozef (Skalica, Slovensko)  |4 prt  |9 271317 
752 |a Slovensko  |d Skalica 
852 |a SNK  |p SE 146/1-23/prív.23 
958 |a ONDV 
999 |c 855952  |d 857882 
952 |a SNK  |b SNK  |y PREZ  |7 0  |p 17A1300638  |o snkSE 146/1-23/prív.23  |i snk4868/28  |0 0  |1 0  |4 0  |d 2018-04-26  |f 1  |l 0  |r 2026-02-24 04:56:13  |w 2026-02-24